The mourning after (Record no. 207242)
[ view plain ]
| 000 -LEADER | |
|---|---|
| fixed length control field | 01278nam a2200325Ia 4500 |
| 245 04 - TITLE STATEMENT | |
| Title | The mourning after |
| 260 ## - PUBLICATION, DISTRIBUTION, ETC. (IMPRINT) | |
| Place of publication | Amsterdam ; |
| -- | New York : |
| Name of publisher | Rodopi, |
| Year of publication | c2007. |
| 300 ## - PHYSICAL DESCRIPTION | |
| Number of Pages | xii, 306 p. : |
| Other physical details | ill. |
| 490 1# - SERIES STATEMENT | |
| Series statement | Postmodern studies ; |
| 650 #0 - SUBJECT ADDED ENTRY--TOPICAL TERM | |
| Topical Term | Postmodernism (Literature) |
| Topical Term | Postmodernism. |
| 700 1# - ADDED ENTRY--PERSONAL NAME | |
| Personal name | Brooks, Neil |
| Personal name | Toth, Josh. |
| 856 40 - ELECTRONIC LOCATION AND ACCESS | |
| Uniform Resource Identifier | http://site.ebrary.com/lib/rucke/Doc?id=10380328 |
No items available.
